000
00231nam a2200097Ia 4500
008
240331s9999 xx 000 0 und d
082
_b
WOM
100
_a
Walsh, M.R. ed
245
0
_a
Women,men and gender :
_b
ongoing debates
942
_c
L
999
_c
1617
_d
1617